[Event "VIE-chT (Women)"]
[Site "Hanoi"]
[Date "2023.04.20"]
[Round "4"]
[White "Nguyen, Ngoc Thao Nguyen"]
[Black "Tran, Hoang Bao Chau"]
[Result "0-1"]
[WhiteElo "1141"]
[BlackElo "1972"]
[PlyCount "94"]
[EventDate "2023.04.18"]
[EventType "swiss"]
[EventRounds "9"]
[EventCountry "VIE"]
[SourceTitle "EXT 2024"]
[Source "ChessBase"]
[SourceDate "2023.10.10"]
[SourceVersion "1"]
[SourceVersionDate "2023.10.10"]
[SourceQuality "1"]

1. e4 e5 2. Nf3 Nc6 3. Bb5 a6 4. Ba4 Nf6 5. 0-0 b5 6. Bb3 Bc5 7. Re1 0-0 8. h3 Bb7 9. c3 Bb6 10. d4 exd4 11. cxd4 d6 12. Nc3 h6 13. Be3 Na5 14. Bc2 Nc4 15. b3 Nxe3 16. Rxe3 Re8 17. Qe2 c5 18. Rd1 Qc7 19. Qd3 c4 20. Qd2 b4 21. Na4 c3 22. Qe2 d5 23. e5 Ne4 24. Nxb6 Qxb6 25. Nh4 Qd8 26. Bxe4 Qxh4 27. Bc2 Rac8 28. Rg3 g6 29. Qf3 Re6 30. Bf5 Qe7 31. Qe3 Kh7 32. Bxe6 Qxe6 33. Rg4 Qe7 34. f4 Qe6 35. Rh4 Qf5 36. g4 c2 37. Rc1 Qe4 38. Qd2 Rc3 39. Qf2 Rf3 40. Qd2 Rg3+ 41. Kh2 Re3 42. Qxe3 Qxe3 43. Rxc2 Qxf4+ 44. Kh1 Qe4+ 45. Rg2 Qxd4 46. Kh2 Qxe5+ 47. Kh1 d4 0-1

[Event "VIE-chT (Women)"]
[Site "Hanoi"]
[Date "2023.04.19"]
[Round "3"]
[White "Tran, Hoang Bao Chau"]
[Black "Phan, Nguyen Ha Nhu"]
[Result "0-1"]
[WhiteElo "1972"]
[BlackElo "1720"]
[PlyCount "134"]
[EventDate "2023.04.18"]
[EventType "swiss"]
[EventRounds "9"]
[EventCountry "VIE"]
[SourceTitle "EXT 2024"]
[Source "ChessBase"]
[SourceDate "2023.10.10"]
[SourceVersion "1"]
[SourceVersionDate "2023.10.10"]
[SourceQuality "1"]

1. e4 d6 2. d4 g6 3. Nf3 Bg7 4. c3 Nf6 5. Bd3 0-0 6. 0-0 b6 7. Re1 Bb7 8. h3 e5 9. Bg5 h6 10. Bh4 Nbd7 11. Qc2 Qe8 12. Nbd2 Nh5 13. Rad1 Kh8 14. Nf1 Nf4 15. Bc4 g5 16. Bg3 Nf6 17. d5 N6h5 18. Ne3 Bc8 19. b4 Rg8 20. Nh2 Bf8 21. Nhg4 Qd8 22. Nf5 Kh7 23. a4 a5 24. b5 Nf6 25. Nxf6+ Qxf6 26. Bxf4 gxf4 27. Qe2 Qg5 28. Qf3 Be7 29. Kf1 Bf6 30. Bd3 Bxf5 31. exf5 Rae8 32. Be4 Kh8 33. Ke2 Qh4 34. Kd2 Rg7 35. Kc2 Bd8 36. Rh1 Reg8 37. Rdg1 Bf6 38. Kb3 Bd8 39. Qe2 Rg5 40. Rf1 R5g7 41. Qc4 Qe7 42. Qe2 Qh4 43. Rd1 Rg5 44. Rd3 Bf6 45. Rg1 Qh5 46. Bf3 Qh4 47. Be4 Qh5 48. Qe1 Qh4 49. Qd2 R5g7 50. c4 Bd8 51. Rf3 Be7 52. Rd3 f6 53. Rf1 Rd8 54. Qc3 Rdg8 55. Qd2 Rd8 56. Qe2 Rdg8 57. Kb2 Rg5 58. Qd2 Rd8 59. g3 fxg3 60. fxg3 Qxe4 61. h4 Rh5 62. Kc3 Rg8 63. Rff3 Rg4 64. Kb2 Bf8 65. Rfe3 Qxf5 66. Rf3 Qg6 67. Rfe3 f5 0-1

[Event "VIE-chT (Women)"]
[Site "Hanoi"]
[Date "2023.04.18"]
[Round "2"]
[White "Nguyen, Hoang Bao Tram"]
[Black "Tran, Hoang Bao Chau"]
[Result "0-1"]
[WhiteElo "1383"]
[BlackElo "1972"]
[PlyCount "90"]
[EventDate "2023.04.18"]
[EventType "swiss"]
[EventRounds "9"]
[EventCountry "VIE"]
[SourceTitle "EXT 2024"]
[Source "ChessBase"]
[SourceDate "2023.10.10"]
[SourceVersion "1"]
[SourceVersionDate "2023.10.10"]
[SourceQuality "1"]

1. d4 Nf6 2. c4 e6 3. Nc3 c5 4. e3 d5 5. Nf3 Nc6 6. Be2 Be7 7. 0-0 0-0 8. h3 Ne4 9. Bd3 Nxc3 10. bxc3 Re8 11. Rb1 b6 12. Qa4 Bb7 13. cxd5 Qxd5 14. Qc2 h6 15. Ba3 Red8 16. Rfd1 c4 17. Be4 Qd7 18. Bxc6 Bxc6 19. Ne5 Ba4 20. Qb2 Qc7 21. Rdc1 Bf6 22. Qb4 Bxe5 23. Qxa4 Bf6 24. Qd1 Rac8 25. Qf3 Rd5 26. e4 Ra5 27. e5 Bg5 28. Bd6 Qd7 29. Rc2 Be7 30. Bxe7 Qxe7 31. Qe4 Rd5 32. Rcc1 Qa3 33. Qf3 Rcd8 34. Qe3 Qa4 35. Qe2 Qc6 36. Qd2 b5 37. Re1 a5 38. Re4 b4 39. Qe3 Rb5 40. cxb4 axb4 41. Rg4 Kh7 42. Qg3 g6 43. Qf4 Qe8 44. Rh4 Qf8 45. Qe3 c3 0-1